[Event "Barcelona Sant Marti 4th"]
[Site "Barcelona"]
[Date "2012.11.17"]
[Round "8"]
[White "Lopez Agustench, Eduard"]
[Black "Martinez Ramirez, Erik"]
[Result "1/2-1/2"]
[WhiteElo "2247"]
[BlackElo "2298"]
[PlyCount "62"]
[EventDate "2012.09.29"]
[EventType "tourn"]
[EventRounds "9"]
[EventCountry "ESP"]
[EventCategory "3"]
[SourceTitle "CBM 151 Extra"]
[Source "ChessBase"]
[SourceDate "2012.12.18"]
[SourceVersion "1"]
[SourceVersionDate "2012.12.18"]
[SourceQuality "1"]

1. d4 Nf6 2. Nf3 g6 3. c4 Bg7 4. Nc3 d5 5. e3 0-0 6. Qb3 e6 7. Bd2 b6 8. Rc1 c5 9. cxd5 exd5 10. Qa3 Nc6 11. Bb5 Bb7 12. Bxc6 Bxc6 13. 0-0 Qe7 14. Rfd1 Rac8 15. Be1 Rfd8 16. h3 h5 17. Ne2 Ba8 18. Rc2 Ne4 19. Rdc1 g5 20. Nd2 Rd7 21. Nxe4 Qxe4 22. Qa6 Rdc7 23. Nc3 Qg6 24. Nb5 Bb7 25. Qa3 Rd7 26. dxc5 Bf8 27. Qb3 Bxc5 28. Nxa7 Ra8 29. Nb5 g4 30. hxg4 Qxg4 31. Nd4 Re8 1/2-1/2

[Event "Barcelona Sant Marti 4th"]
[Site "Barcelona"]
[Date "2012.10.21"]
[Round "6"]
[White "Lopez Agustench, Eduard"]
[Black "Rojas Keim, Luis Alberto"]
[Result "0-1"]
[WhiteElo "2247"]
[BlackElo "2390"]
[PlyCount "54"]
[EventDate "2012.09.29"]
[EventType "tourn"]
[EventRounds "9"]
[EventCountry "ESP"]
[EventCategory "3"]
[SourceTitle "EXT 2013"]
[Source "ChessBase"]
[SourceDate "2012.11.22"]
[SourceVersion "1"]
[SourceVersionDate "2012.11.22"]
[SourceQuality "1"]

1. d4 Nf6 2. Nf3 e6 3. c4 c5 4. Nc3 cxd4 5. Nxd4 Bb4 6. Bd2 0-0 7. a3 Bc5 8. Bg5 e5 9. Nf3 Nc6 10. e3 Be7 11. Be2 d6 12. 0-0 Be6 13. Rc1 Rc8 14. b4 a5 15. Qb3 axb4 16. axb4 Qb6 17. Rb1 h6 18. Bxf6 Bxf6 19. Rfd1 Ne7 20. Rd2 Rfd8 21. Rbd1 Qc6 22. Nd5 Bxd5 23. cxd5 Qc3 24. Qb1 Qc7 25. g3 Qb6 26. Kg2 Rc3 27. Rd3 e4 0-1

[Event "Barcelona Sant Marti 4th"]
[Site "Barcelona"]
[Date "2012.10.13"]
[Round "3"]
[White "Sanchez Ibern, Marc"]
[Black "Lopez Agustench, Eduard"]
[Result "1/2-1/2"]
[WhiteElo "2332"]
[BlackElo "2247"]
[PlyCount "71"]
[EventDate "2012.09.29"]
[EventType "tourn"]
[EventRounds "9"]
[EventCountry "ESP"]
[EventCategory "3"]
[SourceTitle "EXT 2013"]
[Source "ChessBase"]
[SourceDate "2012.11.22"]
[SourceVersion "1"]
[SourceVersionDate "2012.11.22"]
[SourceQuality "1"]

1. e4 c5 2. Nf3 e6 3. d4 cxd4 4. Nxd4 a6 5. Nc3 Qc7 6. Bd3 Bc5 7. Nb3 Be7 8. Qg4 g6 9. Bg5 d6 10. 0-0-0 Nc6 11. Bxe7 Qxe7 12. f4 Bd7 13. Kb1 0-0-0 14. a3 Kb8 15. Qe2 Bc8 16. g4 Qc7 17. Qf2 h5 18. g5 Nge7 19. Ne2 Rhe8 20. c4 Na5 21. Nxa5 Qxa5 22. Bc2 Qc5 23. Qxc5 dxc5 24. Ba4 Rf8 25. Kc1 Kc7 26. Rxd8 Rxd8 27. Rd1 Rxd1+ 28. Kxd1 Bd7 29. Bxd7 Kxd7 30. e5 Nf5 31. Kd2 b6 32. Kd3 Kc6 33. Nc3 Kc7 34. Ne4 a5 35. Nc3 Nd4 36. Nb5+ 1/2-1/2

[Event "Barcelona Sant Marti 4th"]
[Site "Barcelona"]
[Date "2012.10.06"]
[Round "2"]
[White "Lopez Agustench, Eduard"]
[Black "Cruz, Jonathan"]
[Result "0-1"]
[WhiteElo "2247"]
[BlackElo "2450"]
[PlyCount "98"]
[EventDate "2012.09.29"]
[EventType "tourn"]
[EventRounds "9"]
[EventCountry "ESP"]
[EventCategory "3"]
[SourceTitle "EXT 2013"]
[Source "ChessBase"]
[SourceDate "2012.11.22"]
[SourceVersion "1"]
[SourceVersionDate "2012.11.22"]
[SourceQuality "1"]

1. d4 d5 2. Nf3 Nf6 3. c4 c6 4. e3 Bf5 5. Nc3 e6 6. Nh4 Bg6 7. Nxg6 hxg6 8. a3 Bd6 9. g3 Nbd7 10. c5 Bc7 11. f4 b6 12. cxb6 axb6 13. Bd3 g5 14. 0-0 gxf4 15. exf4 c5 16. Be3 Bd6 17. Nb5 Be7 18. Qf3 Qc8 19. Rfe1 Qc6 20. Rac1 Ra5 21. Nc3 0-0 22. Kg2 c4 23. Bb1 b5 24. Bd2 b4 25. axb4 Bxb4 26. g4 Rb8 27. g5 Nh7 28. Qh5 Ndf8 29. Re3 g6 30. Qf3 Qb6 31. Re2 Qxd4 32. Be3 Qg7 33. Qf2 Nd7 34. h4 Bc5 35. Rd1 Bxe3 36. Qxe3 Nc5 37. h5 gxh5 38. Kh3 Kh8 39. Rg2 Nd3 40. Bxd3 d4 41. Qe1 cxd3 42. Ne4 Rf5 43. Qh4 e5 44. Rf1 exf4 45. Rxf4 Qe5 46. Rxf5 Qxf5+ 47. Kh2 Qe5+ 48. Kh3 Rb3 49. Rd2 Qxe4 0-1

[Event "Catalunya-chT"]
[Site "Catalunya"]
[Date "2012.03.17"]
[Round "8.10"]
[White "Lopez Agustench, Eduard"]
[Black "Mingo Fernandez, Matias"]
[Result "1/2-1/2"]
[WhiteElo "2220"]
[BlackElo "2193"]
[PlyCount "112"]
[EventDate "2012.01.28"]
[EventType "team-tourn"]
[EventRounds "11"]
[EventCountry "ESP"]
[SourceTitle "EXT 2013"]
[Source "ChessBase"]
[SourceDate "2012.11.22"]
[SourceVersion "1"]
[SourceVersionDate "2012.11.22"]
[SourceQuality "1"]
[WhiteTeam "Barcelona Escola Escacs"]
[BlackTeam "Barbera"]
[WhiteTeamCountry "ESP"]
[BlackTeamCountry "ESP"]

1. d4 d5 2. Nf3 Nf6 3. c4 c6 4. e3 a6 5. b3 Bg4 6. Be2 e6 7. 0-0 Nbd7 8. Bb2 Be7 9. Nbd2 0-0 10. Ne5 Bxe2 11. Qxe2 Ne8 12. Nxd7 Qxd7 13. e4 Nc7 14. Nf3 Bd6 15. Rad1 Rae8 16. Qc2 Qd8 17. Rfe1 Be7 18. Bc3 Na8 19. Rd3 b5 20. Ne5 Qd6 21. Rh3 f5 22. c5 Qc7 23. exf5 exf5 24. Bd2 Qb7 25. Rf3 Qc8 26. a4 Bh4 27. g3 Bd8 28. axb5 axb5 29. Qd3 h6 30. h4 Rf6 31. Ra1 Ref8 32. Kg2 Nc7 33. Ra7 Qb8 34. Ra2 Qc8 35. Bc3 Ne6 36. Qb1 f4 37. Ra7 Bc7 38. Nxc6 Qe8 39. Ne5 fxg3 40. Rxf6 Rxf6 41. fxg3 Qf8 42. Ra2 Bxe5 43. dxe5 Rf3 44. Bb4 Rxg3+ 45. Kxg3 Qf4+ 46. Kg2 Qg4+ 47. Kf1 Qh3+ 48. Kg1 Qg4+ 49. Rg2 Qxb4 50. Qg6 Qe1+ 51. Kh2 Qxh4+ 52. Kg1 Qe1+ 53. Kh2 Qxe5+ 54. Qg3 Qh5+ 55. Kg1 Qd1+ 56. Kh2 Qh5+ 1/2-1/2